• 首页
  • 本馆介绍
  • 公告通知
  • 最新文献
  • 馆藏检索
  • 电子资源
  • 读者导购
  • 参考咨询
  • 我的图书馆
  • 登录
  • 期刊详细显示
  • 现刊情况显示
  • 合订本情况显示
  • 篇目信息显示

期刊信息

  • 表格格式
  • 工作单格式
  • 卡片格式
索取号 
I1/SSI
题名 
SHORT STORY INTERNATIONAL
作者 
SYLVIA TANKEL
分册号 
分册名 
出版地 
NEW YORK
出版者 
INTERNATIONAL CULTURAL EXCHANGE
标准刊号 
出版频率 
月刊
中图法分类 
I1
主题词 
文学 世界
电子资源 
000 00609nas0 2200193 45
001 0755428890
005 20130607104443.56
011    @d$18.00(1988)
100    @a20070416d km y0chiy0120 ea
101 0  @aeng
200 1  @aSHORT STORY INTERNATIONAL@eTales by the World's Great Contemporary Writers Presented Unabridged@fSYLVIA TANKEL
210    @aNEW YORK@cINTERNATIONAL CULTURAL EXCHANGE
326    @a月刊
517 1  @aTales by the World's Great Contemporary Writers Presented Unabridged
606 0  @a文学@x世界
690    @aI1@v4
701  0 @aSYLVIA TANKEL
801  0 @aCN@bPFT@c20070416
905    @dI1@eSSI
    
    SHORT STORY INTERNATIONAL:Tales by the World's Great Contemporary Writers Presented Unabridged/SYLVIA TANKEL.-NEW YORK:INTERNATIONAL CULTURAL EXCHANGE
    
    
    
    $18.00(1988)
    
●
相关链接: 在易读查询期刊 在中国知网中查询期刊 在万方数据查询期刊 在维普查询期刊
唐山师范学院图书馆 欢迎您!
大连网信软件有限公司© 版权所有